[Event "AUTO-OPEN-3158"]
[Site "http://www.queenalice.com/game.php?id=1245847"]
[Date "2014.1.6"]
[Round "1"]
[White "wilsondiego"]
[Black "princesher"]
[Result "0-1"]
[WhiteElo "1277"]
[BlackElo "1804"]

1. d4 e6 2. e4 Bb4+ 3. c3 Ba5 4. b4 Bb6 5. Nf3 d6 6. Bc4 a6 7. O-O h6 8. d5 e5
9. b5 axb5 10. Bxb5+ c6 0-1

[Event "AUTO-OPEN-3158"]
[Site "http://www.queenalice.com/game.php?id=1245848"]
[Date "2014.1.6"]
[Round "1"]
[White "princesher"]
[Black "wilsondiego"]
[Result "1-0"]
[WhiteElo "1806"]
[BlackElo "1275"]

1. e4 e5 2. Bc4 Nf6 3. d3 Bc5 4. Bg5 O-O 5. h3 c6 6. c3 h6 7. Bh4 d5 8. exd5
cxd5 9. Bb5 Qd6 10. b4 Bb6 11. Nf3 1-0

[Event "AUTO-OPEN-3158"]
[Site "http://www.queenalice.com/game.php?id=1245849"]
[Date "2014.1.6"]
[Round "1"]
[White "wilsondiego"]
[Black "favazza2007"]
[Result "1-0"]
[WhiteElo "1287"]
[BlackElo "1962"]

1. d4 d5 2. c4 dxc4 3. e4 e5 4. d5 Bb4+ 5. Nc3 Bxc3+ 6. bxc3 b5 7. Nf3 Bg4 8.
Be2 Nd7 9. O-O Bxf3 10. Bxf3 Ngf6 11. Ba3 Qc8 12. d6 c5 13. Rb1 O-O 14. Rxb5 a6
15. Rb2 Rb8 16. Qe2 Rxb2 17. Bxb2 Qb8 18. Bc1 Qxd6 19. Qxc4 Nb6 20. Qxa6 Ra8 21.
Qe2 c4 22. Be3 Qe6 23. Bxb6 Qxb6 24. Qxc4 g6 25. a4 Qa6 26. Qb4 Qxa4 27. Qd6
Nxe4 28. Qd5 Nxc3 29. Qxa8+ Qxa8 30. Bxa8 Ne2+ 31. Kh1 Nf4 32. Re1 f6 33. g3 Nd3
34. Bd5+ Kg7 35. Re2 Nb4 36. Ba8 Nd3 37. f4 exf4 38. gxf4 Nxf4 39. Re7+ Kh6 40.
Rf7 f5 41. h4 Nh5 42. Bd5 Ng3+ 43. Kh2 Nh5 44. Rd7 Nf6 45. Rd6 Nh5 46. Bg8 Nf4
47. Rd7 Kh5 48. Rxh7+ Kg4 49. Bf7 Nh3 50. Bxg6 f4 51. h5 f3 52. Rf7 f2 53. h6
Nf4 54. Rxf4+ Kxf4 55. Kg2 Ke3 56. Kf1 Kf3 57. h7 1-0

[Event "AUTO-OPEN-3158"]
[Site "http://www.queenalice.com/game.php?id=1245850"]
[Date "2014.1.6"]
[Round "1"]
[White "favazza2007"]
[Black "wilsondiego"]
[Result "1-0"]
[WhiteElo "1959"]
[BlackElo "1296"]

1. e4 e5 2. d4 exd4 3. Qxd4 Nc6 4. Qd1 Nf6 5. Nc3 Bb4 6. Bd2 Qe7 7. f3 Bxc3 8.
Bxc3 O-O 9. Bc4 Rd8 10. Ne2 a6 11. O-O Ne5 12. Bb3 Nh5 13. Bxe5 Qxe5 14. Qd5
Qxd5 15. Bxd5 c6 16. Bb3 d5 17. exd5 cxd5 18. Rad1 Be6 19. Nc3 Nf4 20. Rd4 Ng6
21. Nxd5 Bxd5 22. Bxd5 Nf4 23. Bxf7+ Kxf7 24. Rxf4+ Kg8 25. Rc4 Rd2 26. Re1 b5
27. Rc3 b4 28. Rc7 Kf8 29. Kf1 a5 30. Re2 Rd1+ 31. Kf2 Ra1 32. c4 Rxa2 33. c5
Ra1 34. c6 Rc1 35. Ree7 Rc2+ 36. Kg3 Rxb2 37. Rxg7 a4 38. Rxh7 a3 39. Rh8# 1-0

[Event "AUTO-INT-2789"]
[Site "http://www.queenalice.com/game.php?id=1246213"]
[Date "2014.1.7"]
[Round "1"]
[White "Goudan"]
[Black "wilsondiego"]
[Result "0-1"]
[WhiteElo "1632"]
[BlackElo "1326"]

1. e4 e5 2. Nf3 Nc6 3. Nc3 Bb4 4. Bc4 Bxc3 5. dxc3 Nf6 6. Qd3 O-O 7. O-O Ne7 8.
Nxe5 c6 9. Qg3 d5 10. exd5 cxd5 11. Bh6 Nh5 12. Qg4 Bxg4 0-1

[Event "AUTO-INT-2789"]
[Site "http://www.queenalice.com/game.php?id=1246214"]
[Date "2014.1.7"]
[Round "1"]
[White "wilsondiego"]
[Black "Goudan"]
[Result "0-1"]
[WhiteElo "1273"]
[BlackElo "1688"]

1. d4 e6 2. e4 d5 3. e5 f6 4. Nf3 Nc6 5. Bb5 Ne7 6. O-O a6 7. Bxc6+ Nxc6 8. Bf4
Be7 9. Nc3 O-O 10. exf6 Rxf6 11. Bg5 Rg6 12. Bf4 Qf8 13. Bxc7 Qf5 14. Na4 Qg4
15. g3 Ra7 16. Qd3 Nb4 17. Qc3 b5 18. Bb6 Rd7 19. Nc5 Bxc5 20. Qxc5 Qxf3 21.
Qxb4 Rh6 0-1

[Event "AUTO-INT-2789"]
[Site "http://www.queenalice.com/game.php?id=1246229"]
[Date "2014.1.7"]
[Round "1"]
[White "wilsondiego"]
[Black "lpessoa"]
[Result "0-1"]
[WhiteElo "1332"]
[BlackElo "1621"]

1. d4 d5 2. Nf3 Nc6 3. Bf4 Bf5 4. Nc3 Nb4 5. Rc1 Nxc2+ 6. Rxc2 Bxc2 7. Qxc2 e6
8. Nb5 Bb4+ 9. Bd2 Bxd2+ 10. Nxd2 c6 11. Nc3 Nf6 12. e4 dxe4 13. Ndxe4 Nxe4 14.
Nxe4 Qxd4 15. Bd3 O-O 16. O-O Rad8 17. Rd1 Qe5 18. Ng3 Rd5 19. Bxh7+ Kh8 20. Bd3
Rfd8 21. Be2 Rxd1+ 22. Bxd1 Qe1+ 23. Nf1 Rxd1 24. Qc4 g6 25. g3 Qe5 26. Kg2 Qd5+
27. Kh3 Qxc4 28. Ne3 Qd3 29. Nxd1 Qxd1 30. Kg2 Qc2 31. b3 Qxa2 32. h4 Qxb3 33.
f4 a5 34. Kh3 a4 35. Kg4 a3 36. h5 a2 37. hxg6 fxg6 38. Kg5 a1=Q 39. g4 Qd5+ 40.
f5 exf5 41. Kh6 Qg7+ 42. Kg5 fxg4+ 43. Kh4 g5+ 44. Kxg4 Qgd4+ 45. Kh5 Qf4 46.
Kh6 Qh4+ 47. Kg6 Qe6# 0-1

[Event "AUTO-INT-2789"]
[Site "http://www.queenalice.com/game.php?id=1246230"]
[Date "2014.1.7"]
[Round "1"]
[White "lpessoa"]
[Black "wilsondiego"]
[Result "0-1"]
[WhiteElo "1621"]
[BlackElo "1287"]

1. d4 d5 2. Nc3 Nf6 3. Bf4 c6 4. Be5 e6 5. e3 a6 6. Nf3 Bb4 7. a3 Bxc3+ 8. bxc3
O-O 9. Bd3 Nbd7 10. h3 Ne4 11. Bxe4 dxe4 12. Nd2 Nxe5 13. dxe5 Qd5 14. c4 Qxe5
15. O-O Qf6 16. Nxe4 Qe7 17. Qe2 e5 18. Rfd1 Bf5 19. f3 Bxe4 20. fxe4 Rad8 21.
Rxd8 Rxd8 22. c3 c5 23. Rd1 Rxd1+ 24. Qxd1 Qh4 25. Qd7 g6 26. Qxb7 Qe1+ 27. Kh2
Qxe3 28. Qd5 Qxc3 29. Qxc5 Kg7 30. a4 a5 31. Qd5 Qb4 32. Qxe5+ f6 33. Qe7+ Qxe7
34. Kg3 Qxe4 35. Kh2 Qxc4 36. g3 Qxa4 37. h4 Qc2+ 38. Kh3 a4 39. g4 a3 40. h5
gxh5 41. gxh5 a2 42. h6+ Kxh6 43. Kg4 a1=Q 44. Kf4 Qe1 45. Kg4 Qf1 46. Kh4 Qg1
47. Kh3 Qch2# 0-1

[Event "AUTO-INT-2789"]
[Site "http://www.queenalice.com/game.php?id=1246231"]
[Date "2014.1.7"]
[Round "1"]
[White "wilsondiego"]
[Black "Slazenger"]
[Result "0-1"]
[WhiteElo "1317"]
[BlackElo "1562"]

1. d4 Nf6 2. Nf3 e6 3. Nc3 d5 4. Bg5 h6 5. Bxf6 Qxf6 6. Nb5 Kd8 7. e3 c6 8. Nc3
Bb4 9. Qd3 b6 10. Be2 g5 11. O-O Nd7 12. a3 Bxc3 13. Qxc3 Bb7 14. b4 b5 15. a4
a6 16. axb5 cxb5 17. Ne5 Nxe5 18. dxe5 Qf5 19. Bd3 Qg4 20. f3 Qh5 21. Be2 Qg6
22. f4 gxf4 23. exf4 Rc8 24. Qb3 Qxc2 25. Qe3 Rc4 26. Qb6+ Rc7 27. Rac1 Qc6 28.
Rxc6 Bxc6 29. Qb8+ Rc8 30. Qb6+ Rc7 31. Rc1 Kd7 32. Qxa6 Ra8 33. Qb6 Rac8 34.
Rxc6 Rxc6 35. Bxb5 Rc7 36. Qb8 Rc8 37. Bxc6+ Rxc6 38. Qb7+ Rc7 39. Qa6 Rc1+ 40.
Kf2 Rc2+ 41. Kg3 Rc3+ 42. Kg4 Rc6 43. Qb7+ Rc7 44. Qb5+ Rc6 45. h4 Kc7 46. Kh5
Rc2 47. Kxh6 Rxg2 48. Qe8 Rg6+ 49. Kh5 Rg7 50. b5 Kb6 51. Qc6+ Ka5 52. b6 Rh7+
53. Kg5 Rg7+ 54. Kf6 Rg4 55. b7 Rxf4+ 56. Ke7 Rc4 57. Qxc4 dxc4 58. b8=Q c3 59.
Qc8 Kb4 60. Qb8+ Kc4 61. Qb1 Kd4 0-1

[Event "AUTO-INT-2789"]
[Site "http://www.queenalice.com/game.php?id=1246232"]
[Date "2014.1.7"]
[Round "1"]
[White "Slazenger"]
[Black "wilsondiego"]
[Result "1-0"]
[WhiteElo "1617"]
[BlackElo "1367"]

1. e4 e5 2. Nf3 Nc6 3. c3 Nf6 4. d3 Bc5 5. Be3 Bxe3 6. fxe3 O-O 7. Na3 d5 8.
exd5 Nxd5 9. Qd2 Bg4 10. Be2 a6 11. h3 Bxf3 12. Bxf3 Qh4+ 13. g3 Qxg3+ 14. Qf2
Qxf2+ 15. Kxf2 Nce7 16. c4 Nb4 17. Bxb7 Nxd3+ 18. Ke2 Rab8 19. Kxd3 Rxb7 20. b3
Rd8+ 21. Kc2 Nf5 22. Rae1 e4 23. Rhf1 g6 24. Rf4 Ng3 25. Rg4 Re8 26. Rxg3 f5 27.
h4 c5 28. h5 Kg7 29. hxg6 hxg6 30. Reg1 Re6 31. Kc3 a5 32. Rh3 Kf6 33. Rh6 Rg7
34. Nc2 Ke5 35. Rd1 g5 36. Rd5# 1-0

[Event "AUTO-BEG-600"]
[Site "http://www.queenalice.com/game.php?id=1247260"]
[Date "2014.1.11"]
[Round "1"]
[White "Puljiz"]
[Black "wilsondiego"]
[Result "1-0"]
[WhiteElo "1424"]
[BlackElo "1402"]

1. d4 d5 2. c4 Nf6 3. Nc3 Nc6 4. cxd5 Nxd5 5. e4 Nxc3 6. bxc3 g6 7. Nf3 Bg7 8.
Bc4 O-O 9. O-O Bg4 10. Be3 a6 11. h3 Bxf3 12. Qxf3 e5 13. d5 Na5 14. Bd3 c6 15.
c4 cxd5 16. cxd5 b5 17. Rfc1 Nb7 18. Rc6 Na5 19. Rc2 Nb7 20. Rac1 Nd6 21. Bc5
Bh6 22. Rd1 Rc8 23. Be3 Bxe3 24. Qxe3 Rxc2 25. Bxc2 Nc4 26. Qg3 Na3 27. Qxa3 Qc8
28. Bb3 Kg7 29. d6 Rd8 30. Rd5 Qc6 31. Qb4 Rc8 32. Qd2 f5 33. d7 Rd8 34. exf5
Qb6 35. Rxe5 Qc7 36. Qd4 Kh6 37. f6 Rxd7 38. Qh4# 1-0

[Event "AUTO-BEG-600"]
[Site "http://www.queenalice.com/game.php?id=1247261"]
[Date "2014.1.11"]
[Round "1"]
[White "wilsondiego"]
[Black "Puljiz"]
[Result "0-1"]
[WhiteElo "1355"]
[BlackElo "1453"]

1. d4 Nf6 2. Nc3 g6 3. e4 d6 4. Bg5 Bg7 5. Bc4 O-O 6. Nf3 Nbd7 7. O-O c5 8. dxc5
Nxc5 9. Bxf6 Bxf6 10. Nd5 Bxb2 11. Rb1 Bg7 12. Qe2 a6 13. e5 b5 14. Bd3 Bb7 15.
Nf4 Bxf3 16. Qxf3 dxe5 17. Nd5 f5 18. Nc3 e4 19. Qe3 Bd4 20. Bc4+ bxc4 21. Qe2
Nd3 22. cxd3 cxd3 23. Qb2 Rc8 24. Qb3+ Kg7 25. Kh1 Rxc3 26. Qa4 e5 27. Qxa6 Rf7
28. Rb7 Qf6 29. Qb5 f4 30. a4 Qc6 31. Qxc6 Rxc6 32. Rfb1 e3 33. fxe3 fxe3 34. a5
e2 35. R7b3 Rf1+ 36. Rxf1 exf1=R# 0-1

[Event "AUTO-BEG-600"]
[Site "http://www.queenalice.com/game.php?id=1247272"]
[Date "2014.1.11"]
[Round "1"]
[White "praddock"]
[Black "wilsondiego"]
[Result "1-0"]
[WhiteElo "1228"]
[BlackElo "1379"]

1. e4 e5 2. Nf3 Nc6 3. d4 f6 4. Be3 exd4 5. Nxd4 Nxd4 6. Bxd4 d5 7. Nc3 dxe4 8.
Nxe4 Bf5 9. f3 Bxe4 10. fxe4 Bd6 11. g3 Qe7 12. Bd3 O-O-O 13. Qg4+ Rd7 14. O-O-O
g6 15. Rhe1 a6 16. Bc4 Nh6 17. Qh3 Nf7 18. Be6 Ng5 19. Bxd7+ Qxd7 20. Qxd7+ Kxd7
21. Bxf6 Rf8 22. Bxg5 b5 23. e5 Rf5 24. exd6 cxd6 25. h4 Rf3 26. Bf4 h6 27.
Rxd6+ Kc7 28. Re7+ Kc8 29. Rd1 a5 30. Rc7+ Kb8 31. Rd8# 1-0

[Event "AUTO-BEG-600"]
[Site "http://www.queenalice.com/game.php?id=1247273"]
[Date "2014.1.11"]
[Round "1"]
[White "wilsondiego"]
[Black "praddock"]
[Result "0-1"]
[WhiteElo "1295"]
[BlackElo "1248"]

1. d4 Nf6 2. Nc3 Nc6 3. Nf3 e5 4. dxe5 Ng4 5. e4 Bc5 6. Be3 Qe7 7. Bb5 Nxe3 8.
Qd3 Nb4 9. Nd5 Nxd3+ 10. Ke2 Qd8 11. Bxd3 Nxg2 12. Rhg1 c6 13. Rxg2 cxd5 14.
exd5 d6 15. Rxg7 Qb6 16. Ng5 Bxf2 17. Ne4 Qe3+ 18. Kf1 Bh3+ 19. Rg2 Bxg2+ 20.
Kxg2 dxe5 21. Nxf2 Rg8+ 22. Kf1 Qd4 23. Rd1 a6 24. Bb5+ axb5 25. Rxd4 exd4 26.
d6 Rxa2 27. Ne4 Rg6 28. Nc5 Rxb2 29. d7+ Kd8 30. Kf2 Rxc2+ 31. Kf3 Rxc5 32. Ke4
Rd6 33. h4 d3 34. h5 d2 35. h6 d1=Q 0-1

[Event "AUTO-BEG-600"]
[Site "http://www.queenalice.com/game.php?id=1247280"]
[Date "2014.1.11"]
[Round "1"]
[White "wilsondiego"]
[Black "carriedani"]
[Result "0-1"]
[WhiteElo "1352"]
[BlackElo "1017"]

1. d4 Nc6 2. Nf3 d5 3. Nc3 Nf6 4. Bg5 h6 5. Bxf6 gxf6 6. e4 dxe4 7. Nxe4 f5 8.
Nc3 Bg7 9. Bb5 a6 10. Bxc6+ bxc6 11. O-O Rb8 12. b3 e6 13. Ne5 f6 14. Ng6 Rg8
15. Nf4 Qd6 16. Qh5+ Kd8 17. Rad1 Qxf4 18. Qf7 Rf8 19. Qxg7 Re8 20. Qxf6+ Re7
21. Rfe1 Ke8 22. Ne2 Qg5 23. Qe5 Rb5 24. Qf4 Ra5 25. Qf3 Bd7 26. c4 Rg7 27. g3
Rxa2 28. Nc3 h5 29. h4 Qf6 30. Re2 a5 31. Rxa2 e5 32. dxe5 Qe6 33. Qxh5+ Rg6 34.
Qh8+ Kf7 35. Qh7+ Ke8 0-1

[Event "AUTO-BEG-600"]
[Site "http://www.queenalice.com/game.php?id=1247281"]
[Date "2014.1.11"]
[Round "1"]
[White "carriedani"]
[Black "wilsondiego"]
[Result "0-1"]
[WhiteElo "1033"]
[BlackElo "1354"]

1. e4 e5 2. Nf3 Nc6 3. Nc3 Bb4 4. a3 Bxc3 5. bxc3 Nf6 6. d3 O-O 7. Be2 d5 8.
exd5 Nxd5 9. c4 Nc3 10. Qd2 Nxe2 11. Qxe2 Bf5 12. O-O Nd4 13. Qxe5 Bg4 14. Nxd4
Re8 15. Qg3 Qxd4 16. Rb1 Re2 17. Qxc7 Rae8 18. Qxb7 Re1 19. Rxe1 Rxe1# 0-1

[Event "AUTO-INT-2809"]
[Site "http://www.queenalice.com/game.php?id=1257825"]
[Date "2014.2.18"]
[Round "1"]
[White "wilsondiego"]
[Black "Rickritchee"]
[Result "0-1"]
[WhiteElo "1295"]
[BlackElo "2074"]

1. d4 Nf6 2. Nf3 g6 3. Nc3 Bg7 4. e4 d6 5. Bg5 O-O 6. Bd3 Bg4 7. h3 Bxf3 8. Qxf3
c6 9. d5 Qb6 10. b3 h6 11. Be3 Qa5 12. Bd2 Nfd7 0-1

[Event "AUTO-INT-2809"]
[Site "http://www.queenalice.com/game.php?id=1257826"]
[Date "2014.2.18"]
[Round "1"]
[White "Rickritchee"]
[Black "wilsondiego"]
[Result "1-0"]
[WhiteElo "2074"]
[BlackElo "1295"]

1. e4 e5 2. Nf3 Nc6 3. Bc4 h6 4. O-O Nf6 5. a3 Nxe4 6. Re1 f5 7. d3 Nd6 8. Nxe5
Nxe5 9. Rxe5+ Be7 10. Qh5+ Kf8 11. Rxf5+ Bf6 12. Ba2 1-0